Experimental Handbook of Physical Pharmaceutics (Record no. 13791)

MARC details
000 -LEADER
fixed length control field 00410nam a22001577a 4500
003 - CONTROL NUMBER IDENTIFIER
control field OSt
008 - FIXED-LENGTH DATA ELEMENTS--GENERAL INFORMATION
fixed length control field 260120b |||||||| |||| 00| 0 eng d
020 ## - INTERNATIONAL STANDARD BOOK NUMBER
International Standard Book Number 9789388022866
082 ## - DEWEY DECIMAL CLASSIFICATION NUMBER
Classification number 615.19 GUE
100 ## - MAIN ENTRY--PERSONAL NAME
Personal name Gupta, Pravin
245 ## - TITLE STATEMENT
Title Experimental Handbook of Physical Pharmaceutics
260 ## - PUBLICATION, DISTRIBUTION, ETC. (IMPRINT)
Place of publication, distribution, etc N.Delhi
Name of publisher, distributor, etc I.P Innovative
Date of publication, distribution, etc 2023
300 ## - PHYSICAL DESCRIPTION
Extent vii,208
650 ## - SUBJECT ADDED ENTRY--TOPICAL TERM
Topical term or geographic name as entry element Physical pharmaceutics-1
942 ## - ADDED ENTRY ELEMENTS (KOHA)
Source of classification or shelving scheme Dewey Decimal Classification
Koha item type Text Books
Holdings
Withdrawn status Lost status Source of classification or shelving scheme Damaged status Not for loan Collection code Home library Current library Date acquired Source of acquisition Currency Cost, normal purchase price Bill Number Total Checkouts Full call number Acc. no. / Barcode Date last seen Actual Cost, discounted price Bill Date Koha item type Checked out Date last borrowed
    Dewey Decimal Classification     B.Pharma PIET C-LIBRARY PIET C-LIBRARY 08/01/2026 Zafaa Books Distributres Indian Rup 475.00 ZBD0374   615.19 GUE BP2861 20/01/2026 356.25 04/01/2026 Reference Books    
    Dewey Decimal Classification     B.Pharma PIET C-LIBRARY PIET C-LIBRARY 08/01/2026 Zafaa Books Distributres Indian Rup 475.00 ZBD0374   615.19 GUE BP2862 20/01/2026 356.25 04/01/2026 Text Books    
    Dewey Decimal Classification     B.Pharma PIET C-LIBRARY PIET C-LIBRARY 08/01/2026 Zafaa Books Distributres Indian Rup 475.00 ZBD0374   615.19 GUE BP2863 20/01/2026 356.25 04/01/2026 Text Books    
    Dewey Decimal Classification     B.Pharma PIET C-LIBRARY PIET C-LIBRARY 08/01/2026 Zafaa Books Distributres Indian Rup 475.00 ZBD0374   615.19 GUE BP2864 20/01/2026 356.25 04/01/2026 Text Books    
    Dewey Decimal Classification     B.Pharma PIET C-LIBRARY PIET C-LIBRARY 08/01/2026 Zafaa Books Distributres Indian Rup 475.00 ZBD0374   615.19 GUE BP2865 20/01/2026 356.25 04/01/2026 Text Books    
    Dewey Decimal Classification     B.Pharma PIET C-LIBRARY PIET C-LIBRARY 08/01/2026 Zafaa Books Distributres Indian Rup 475.00 ZBD0374 1 615.19 GUE BP2866 10/02/2026 356.25 04/01/2026 Text Books 31/08/2026 10/02/2026

Design & Developed by: PIET Central Library
R70 Miles Stone Pattikalyana Samalkha Panipat 132102
mail ID :- [email protected], Phone No:- 0180-2569700 Ex.216